Facts & figures about 1961 census (Record no. 502070)

000 -LEADER
fixed length control field 00278cam a22000977a 4500
008 - FIXED-LENGTH DATA ELEMENTS--GENERAL INFORMATION
fixed length control field 180718b1961 xxu||||| |||| 00| 0 eng d
100 ## - MAIN ENTRY--PERSONAL NAME
Personal name Varma, sah Dev
245 ## - TITLE STATEMENT
Title Facts & figures about 1961 census
Statement of responsibility, etc. Sah Dev Varma
260 ## - PUBLICATION, DISTRIBUTION, ETC.
Place of publication, distribution, etc. New Delhi
Name of publisher, distributor, etc. United Book Agency
Date of publication, distribution, etc. 1961
300 ## - PHYSICAL DESCRIPTION
Extent 82p.
Holdings
Withdrawn status Lost status Damaged status Not for loan Permanent Location Current Location Date acquired Barcode Date last seen Price effective from Koha item type
        Indian Institute of Public Administration Indian Institute of Public Administration 2018-08-04 GR6248 2018-08-04 2018-08-04 GR

Powered by Koha